| 000 | 00986nam a22003017a 4500 | ||
|---|---|---|---|
| 001 | 5219 | ||
| 003 | FISKH | ||
| 005 | 20250905110421.0 | ||
| 008 | 241120b cb ||||| |||| 00| 0 eng d | ||
| 020 | _a9780590259446 | ||
| 040 |
_aFISKH _beng _cFISKH _dFISKH |
||
| 050 | _aPZ8.M551155 | ||
| 082 | _a813 | ||
| 100 |
_aMedearis, Shelf Angela _d(1956-) |
||
| 245 |
_aThe 100th day of school / _cby Angela Shelf Medearis ; Illustrated by Joan Holub |
||
| 250 | _aThis edition first printing in 2008 | ||
| 260 |
_aNew York : _bScholastic, _c2008. |
||
| 300 |
_a29 pages : _bColor illustrations ; _c23 cm |
||
| 505 | _aG | ||
| 520 | _aThe children learn 100 spelling words, plant 100 seeds, bake 100 cookies, and "do everything the 100 way" to celebrate this special day. | ||
| 521 | 8 |
_a340L
_bLexile |
|
| 521 | 8 |
_aG
_bRaz-Plus |
|
| 650 |
_2Numbers _aCounting |
||
| 651 |
_2100th day _aFiction |
||
| 700 |
_aHolub, Joan _dIllustrator |
||
| 942 |
_2ddc _cBK _n0 |
||
| 999 |
_c5219 _d5219 |
||